Name all Terrorist guns and equipment in CS:GO - Statistics

General Stats
  • This quiz has been taken 226 times
  • The average score is 6 of 12
Answer Stats
Answer % Correct
AK-47
98%
Glock-18
70%
Galil
67%
MAC-10
63%
Tec-9
60%
Molotov
55%
Sawed-off
50%
SG 553
48%
G3SG1
40%
C4
29%
SG 552
7%
Galil AR
5%
No matching quizzes found
Score Distribution
Percent of People with Each Score
Percentile by Number Answered
Your Score History
You have not taken this quiz